Základné kamene firmy

Postoj zamestnancov k práci má veľký vplyv na výsledky firmy. Riadenie prostredia vo firme. Aktívne riadenie. Nástroje vedúceho pracovníka. Na čom sa zakladá úspech firmy. Zdravá firma stojí na zdravých ľuďoch. Je to o systéme, ktorý umožní zdravé fungovanie.

Enregistré dans:
Détails bibliographiques
Auteur principal: Kolenička, Martin
Format: Chapitre de livre
Langue:slovaque
Sujets:
Tags: Ajouter un tag
Pas de tags, Soyez le premier à ajouter un tag!

MARC

LEADER 00000naa$a2200000$$$4500
001 0099593
005 20220725111102.4
041 0 |a slo 
044 |a SK 
245 1 0 |a Základné kamene firmy  |c Martin Kolenička 
520 |a Postoj zamestnancov k práci má veľký vplyv na výsledky firmy. Riadenie prostredia vo firme. Aktívne riadenie. Nástroje vedúceho pracovníka. Na čom sa zakladá úspech firmy. Zdravá firma stojí na zdravých ľuďoch. Je to o systéme, ktorý umožní zdravé fungovanie. 
610 2 0 |a firmy 
610 2 0 |a riadenie 
610 2 0 |a riadenie podnikové 
610 2 0 |a pracovníci vedúci 
610 2 0 |a zamestnanci 
610 2 0 |a prostredie podnikové 
100 1 |a Kolenička, Martin